Dicionário Ilustrado Português - Inglês (Registo nº 105)

Detalhes MARC
000 -Etiqueta do registo
Cabeçalho 00574nam0a22002531 4500
005 - Identificador da versão
Campo de controlo 20240813121754.0
021 ## - Número do Depósito Legal
Código do país PT
Número 25 312/89
035 ## - Other System Control Numbers
System Control Number 0000113
System Control Number 0000113
System Control Number 0000113
System Control Number 0000109
100 ## - Dados gerais de processamento
Dados gerais de processamento 20041109d a e0pory5003 ba
102 ## - Pais de publicação ou produção
País de publicação Portugal
101 1# - Língua de publicação
Língua do texto, banda sonora, etc. Português
Língua do documento no original Inglês
106 ## - Campo de dados codificados: material textual
Dados codificados do material textual r
105 ## - Campo de dados codificados: livros
Dados codificados dos livros y z 001yy
215 ## - Descrição física 
Indicação específica da natureza do documento e extensão da espécie p.413
Dimensões cm
200 1# - Titulo e menção de responsabilidade
Título próprio Dicionário Ilustrado Português - Inglês
Primeira menção de responsabilidade Leonel Vallandro
Indicação de volume 1
210 ## - Publicação, Distribuição, etc. 
Lugar da edição, distribuição, etc. Lisboa
Nome do editor, distribuidor, etc. Verbo
942 ## - Elementos de entrada adicionados (Koha)
Tipo de item no Koha Livro
Exemplares
Situação do levantamento Origin of item (home branch) (coded) Biblioteca de empréstimo Código de barras Cota Circulation type (not for loan) Tipo de documento Nota do exemplar Damaged status
  Biblioteca Escolar Eng. Nuno Mergulhão Biblioteca Escolar Eng. Nuno Mergulhão BENM199 811   Cativo Sem mensagem